000 00278nam a22001337a 4500
008 170327b xxu||||| |||| 00| 0 eng d
020 _a99518721098
041 _aalb
080 _a615.83
100 _a8
101 _aSHM
245 _aAKUPUNKTURA
_cSADIKU, R
942 _2udc
_cBK
999 _c8731
_d8731